000
00312nam a22001337a 4500
020
_a
9789380428239
082
_a
630.1
_b
KAL/OB
100
_a
Kale, M.U
245
_a
Objective agricultural engineering
260
_a
Delhi
_b
Narendra Publishing House
_c
2011
300
_a
104
700
_a
Supe, M.S
942
_c
BK
999
_c
13679
_d
13679